| Tag |
First Indicator |
Second Indicator |
Subfields |
| LEADER |
00000cgm a2200000Mi 4500 |
| 001 |
in00005607021 |
| 006 |
m o c |
| 007 |
vr bzazuq |
| 008 |
110121p20101957quc030 fo vleng d |
| 005 |
20241214204001.1 |
| 035 |
|
|
|a (OCoLC)ocn714722371
|
| 040 |
|
|
|a CNCGM
|b eng
|e pn
|c CNCGM
|d A6Q
|d OCLCO
|d OCLCA
|d OCLCF
|d ALSTP
|d COO
|d OCLCO
|d OCLCA
|d OCLCQ
|d OCLCO
|d VLB
|d OCLCQ
|d VT2
|d RRP
|d OCLCQ
|d CEF
|d OCLCQ
|d INT
|d BRX
|d OCLCQ
|d WYU
|d S9I
|d CANPU
|d CNCEN
|d OCLCA
|d OCLCQ
|d OCLCO
|d OCL
|d SFB
|d NFBCA
|d OCLCO
|d K6U
|d OCLCO
|
| 019 |
|
|
|a 1078824741
|
| 035 |
|
|
|a (OCoLC)714722371
|z (OCoLC)1078824741
|
| 050 |
|
4 |
|a PN1985
|b .P54 1957ev
|
| 049 |
|
|
|a TXAM
|
| 245 |
0 |
0 |
|a Pierrot in Montreal /
|c National Film Board of Canada.
|
| 260 |
|
|
|a Montreal :
|b National Film Board of Canada,
|c 1957.
|
| 300 |
|
|
|a 1 online resource (1 streaming video file (30 min.)).
|
| 306 |
|
|
|a 002932
|
| 336 |
|
|
|a two-dimensional moving image
|b tdi
|2 rdacontent
|
| 337 |
|
|
|a computer
|b c
|2 rdamedia
|
| 338 |
|
|
|a online resource
|b cr
|2 rdacarrier
|
| 344 |
|
|
|a digital
|2 rda
|
| 347 |
|
|
|a data file
|2 rda
|
| 380 |
|
|
|a Videorecording
|
| 490 |
1 |
|
|a NFB.ca
|
| 508 |
|
|
|a Director, Donald Ginsberg ; producer, David Bairstow ; script, Allan Wargon ; photography, John Foster ; sound, Frank Orban ; editing, Stephen Timar ; sound editing, Stuart Baker ; cast, Anne Collings, Guy Hoffman, Fred Smith.
|
| 520 |
|
|
|a Columnist Walter O'Hearn introduces the art of pantomime with the aid of the Canadian mime, Guy Hoffman, acting as Pierrot. Belmont Amusement Park and the streets of Montréal are the backdrop for the traditional story of Pierrot losing his love Columbine to Harlequin.
|
| 546 |
|
|
|a This edition in English.
|
| 511 |
0 |
|
|a Cast, Anne Collings, Guy Hoffman, Fred Smith.
|
| 650 |
|
0 |
|a Pantomime.
|
| 650 |
|
6 |
|a Pantomime.
|
| 650 |
|
7 |
|a Pantomime
|2 fast
|
| 653 |
|
|
|a Pantomime
|
| 655 |
|
0 |
|a Internet videos.
|
| 655 |
|
2 |
|a Interview
|
| 655 |
|
4 |
|a Online media.
|
| 655 |
|
7 |
|a interviews.
|2 aat
|
| 655 |
|
7 |
|a Interviews
|2 fast
|
| 655 |
|
7 |
|a Nonfiction films
|2 fast
|
| 655 |
|
7 |
|a Filmed performances
|2 fast
|
| 655 |
|
7 |
|a Interviews.
|2 lcgft
|
| 655 |
|
7 |
|a Filmed performances.
|2 lcgft
|
| 710 |
2 |
|
|a National Film Board of Canada.
|
| 830 |
|
0 |
|a NFB.ca.
|
| 856 |
4 |
0 |
|u http://proxy.library.tamu.edu/login?url=https://www.aspresolver.com/aspresolver.asp?AVN2;2192610
|z Connect to this streaming video (Alexander Street Press)
|t 0
|
| 955 |
|
|
|a Alexander Street Press perpetual streaming video
|
| 994 |
|
|
|a 92
|b TXA
|
| 999 |
f |
f |
|s 28f42249-73ff-40d0-b3eb-9127bff6dcf7
|i 451dd0c3-5bf4-4d29-ad8d-48bf689c361e
|t 0
|
| 952 |
f |
f |
|a Texas A&M University
|b College Station
|c Electronic Resources
|d Available Online
|t 0
|e PN1985 .P54 1957ev
|h Library of Congress classification
|
| 998 |
f |
f |
|a PN1985 .P54 1957ev
|t 0
|l Available Online
|